| 000 | 00543nam a22002057a 4500 | ||
|---|---|---|---|
| 001 | 77181 | ||
| 003 | BD-RjUL | ||
| 005 | 20211209082935.0 | ||
| 008 | 200301s1954 pk ||||| |||| 00| 0 eng d | ||
| 035 | _a(BD-RjUL)77405 | ||
| 040 |
_aBD-RjUL _beng _cBD-RjUL |
||
| 041 | _aeng | ||
| 082 |
_223 _a796.358 _bBUP 1954 |
||
| 100 |
_aButt, Qamaruddin _9240148 |
||
| 245 |
_apakistan on cricket map / _cQamaruddin Butt |
||
| 260 |
_aKarachi : _bGovt. of Pakistan, _c1954. |
||
| 300 |
_a218 p.; _c21 cm. |
||
| 650 |
_aCricket _9240149 |
||
| 942 |
_2ddc _cBK |
||
| 999 |
_c77181 _d77181 |
||